[Event "Titled Tue 17th Jun Late"]
[Site "chess.com INT"]
[Date "2025.06.17"]
[Round "11"]
[White "Rustamov, Rustam"]
[Black "Mekhitarian, Krikor Sevag"]
[Result "1-0"]
[WhiteTitle "FM"]
[BlackTitle "GM"]
[WhiteElo "2334"]
[BlackElo "2564"]
[WhiteFideId "13440110"]
[BlackFideId "2107660"]
[EventDate "2025.06.17"]

1. e4 c5 2. Nf3 Nc6 3. d4 cxd4 4. Nxd4 Nf6 5. Nc3 e5 6. Ndb5 d6 7. Bg5 a6 8. Na3
b5 9. Nd5 Be7 10. Bxf6 Bxf6 11. c3 Bg5 12. Nc2 Rb8 13. a4 bxa4 14. Ncb4 Nxb4 15.
Nxb4 Bd7 16. Bxa6 Qa5 17. Qd5 Qxd5 18. exd5 O-O 19. Bd3 Rb6 20. O-O f5 21. Ra3
e4 22. Bc2 e3 23. fxe3 Bxe3+ 24. Kh1 Bc5 25. Bxa4 Bxa4 26. Rxa4 Bxb4 27. Rxb4
Rxb4 28. cxb4 Rb8 29. Rf4 Rb5 30. Rd4 Kf7 31. Kg1 Kf6 32. Kf2 Ke5 33. Ke3 g5 34.
g3 Rb8 35. Kd3 f4 36. gxf4+ gxf4 37. Re4+ Kf5 38. Rc4 Ke5 39. Re4+ Kf5 40. b3 f3
41. Rc4 Ke5 42. Ke3 Kxd5 43. Kxf3 Ra8 44. Rh4 Ra3 45. Rh5+ Ke6 46. Rh6+ Kd5 47.
Rh5+ Ke6 48. b5 Rxb3+ 49. Ke4 Rb4+ 50. Kd3 d5 51. b6 Kd6 52. Rxh7 Kc5 53. b7 Kc6
54. h4 Kc5 55. h5 Rb3+ 56. Kc2 Rb6 57. h6 1-0

[Event "Titled Tue 17th Jun Late"]
[Site "chess.com INT"]
[Date "2025.06.17"]
[Round "11"]
[White "Ali, Sebbar"]
[Black "Chocenka, Dmitrijus"]
[Result "1-0"]
[WhiteTitle "IM"]
[BlackTitle "FM"]
[WhiteElo "2400"]
[BlackElo "2314"]
[WhiteFideId "8100977"]
[BlackFideId "12802336"]
[EventDate "2025.06.17"]

1. e4 c5 2. Nc3 Nc6 3. f4 g6 4. Nf3 Bg7 5. Bc4 e6 6. f5 gxf5 7. d3 Ne5 8. Nxe5
Bxe5 9. Qf3 Qh4+ 10. g3 Qg4 11. O-O Qxf3 12. Rxf3 Ne7 13. Bf4 Bxf4 14. Rxf4 a6
15. exf5 Nxf5 16. Rxf5 exf5 17. Nd5 Kd8 18. Nb6 Rb8 19. a4 d6 20. Bxf7 Rf8 21.
Bd5 Kc7 22. a5 Bd7 23. Rf1 Rbe8 24. Rf4 Re2 25. Rh4 Rh8 26. Rh6 Rxc2 27. Rf6 Re8
28. Kf1 Re7 29. Rf8 Rxb2 30. h4 f4 31. Bg2 fxg3 32. Nd5+ Kc6 33. Nxe7+ Kb5 34.
Rg8 Rf2+ 35. Kg1 Re2 36. Nd5 Re1+ 37. Bf1 Bh3 38. Ne3 Bxf1 39. Nxf1 Kxa5 40.
Rxg3 b5 41. Kf2 Re6 42. Rg7 Rh6 43. Rg4 b4 44. Nd2 Kb5 45. Ke3 a5 46. Nf3 a4 47.
Rg8 a3 48. Ra8 Rg6 49. d4 Rg2 50. Rb8+ Kc4 51. Nd2+ Kc3 52. Ne4+ Kb2 53. dxc5
dxc5 54. Nxc5 Kc3 55. Ne4+ Kc4 56. Nd2+ Kc3 57. Rc8+ Kb2 58. Nc4+ Ka2 59. Rb8
Rb2 60. Kd3 b3 61. Nd2 1-0

[Event "Titled Tue 17th Jun Late"]
[Site "chess.com INT"]
[Date "2025.06.17"]
[Round "11"]
[White "Rajaram, Rohan"]
[Black "Sadykov, Ramil"]
[Result "0-1"]
[WhiteTitle "CM"]
[BlackTitle "FM"]
[WhiteElo "2164"]
[BlackElo "2264"]
[WhiteFideId "30940729"]
[BlackFideId "24113590"]
[EventDate "2025.06.17"]

1. Nf3 Nf6 2. e3 g6 3. c4 Bg7 4. Nc3 O-O 5. Be2 d5 6. d4 dxc4 7. Bxc4 c5 8. O-O
Nc6 9. d5 Na5 10. Be2 Bg4 11. h3 Bxf3 12. Bxf3 a6 13. a4 Rb8 14. e4 Nd7 15. Bf4
Be5 16. Bxe5 Nxe5 17. Be2 Qb6 18. Qc2 c4 19. Rab1 Rfc8 20. Kh1 Nb3 21. f4 Nd7
22. e5 Qe3 23. Bxc4 Nd2 24. Rbe1 Nxf1 25. Rxe3 Nxe3 26. Qe2 Nxc4 27. e6 Nf6 28.
g4 Nd6 29. Qe5 fxe6 30. Qxe6+ Kf8 31. f5 gxf5 32. g5 Nfe8 33. Qh6+ Kg8 34. Qe6+
Nf7 35. Qxf5 Ng7 36. Qg4 Rd8 37. h4 Rd6 38. h5 Rbd8 39. Qe4 R8d7 40. g6 hxg6 41.
hxg6 Nh8 42. Qg4 Rd8 43. Ne4 Rxd5 44. Qf3 Nxg6 45. Qb3 Kh7 46. Qxb7 Re5 47. Kg2
Rd4 48. Ng3 Ne6 49. Qb8 Ng5 50. Qe8 Rd2+ 51. Kf1 Rc5 52. Ke1 Rxb2 53. Ne2 Re5 0-1

[Event "Titled Tue 17th Jun Late"]
[Site "chess.com INT"]
[Date "2025.06.17"]
[Round "11"]
[White "Linares Orellana, Hector Jose"]
[Black "Fathy, Elameir"]
[Result "0-1"]
[WhiteTitle "FM"]
[BlackTitle "FM"]
[WhiteElo "2111"]
[BlackElo "2300"]
[WhiteFideId "7304307"]
[BlackFideId "10600396"]
[EventDate "2025.06.17"]

1. d4 d5 2. c4 c6 3. Nc3 Nf6 4. Nf3 dxc4 5. a4 e5 6. dxe5 Qxd1+ 7. Nxd1 Ne4 8.
e3 Bg4 9. Bxc4 Nd7 10. Nd2 Nxd2 11. Bxd2 Nxe5 12. Be2 Bxe2 13. Kxe2 Bd6 14. Bc3
f6 15. f3 Kf7 16. Nf2 Rad8 17. Rad1 Rhe8 18. Ne4 Bc7 19. Nc5 b6 20. Nb7 Rxd1 21.
Rxd1 Ke6 22. a5 Rb8 23. a6 Re8 24. h3 Nc4 25. e4 Ne5 26. f4 Nd7 27. f5+ Ke7 28.
Kf3 c5 29. b4 Nb8 30. bxc5 Nxa6 31. cxb6 axb6 32. Ra1 Ra8 33. Bb4+ Kd7 34. Bd6
Bxd6 35. Rd1 Kc6 36. Nxd6 Rd8 37. Ra1 Rxd6 38. Rxa6 Kb7 39. Ra2 b5 40. Rb2 Kb6
41. h4 Rc6 42. Ke3 Ka5 43. g4 b4 44. Kd4 Ka4 45. g5 b3 46. gxf6 gxf6 47. e5
fxe5+ 48. Kxe5 Rh6 49. f6 Rh5+ 50. Ke6 Rxh4 51. f7 Rf4 52. Ke7 Ka3 53. Rb1 Ka2
54. Re1 b2 55. f8=Q Rxf8 56. Kxf8 h5 57. Re2 Ka1 0-1

[Event "Titled Tue 17th Jun Late"]
[Site "chess.com INT"]
[Date "2025.06.17"]
[Round "11"]
[White "Muradli, Mahammad"]
[Black "Stribuk, Artiom"]
[Result "1-0"]
[WhiteTitle "GM"]
[BlackTitle "IM"]
[WhiteElo "2609"]
[BlackElo "2460"]
[WhiteFideId "13409301"]
[BlackFideId "13515659"]
[EventDate "2025.06.17"]

1. b3 d5 2. Bb2 Nf6 3. Nf3 Bf5 4. d3 e6 5. Nbd2 h6 6. g3 Be7 7. Bg2 O-O 8. O-O
Bh7 9. Re1 c6 10. a3 a5 11. e4 a4 12. b4 c5 13. exd5 Nxd5 14. b5 Nd7 15. Nc4 Bf6
16. Bxf6 N7xf6 17. Nfe5 Nc3 18. Qf3 Nxb5 19. Qxb7 Rb8 20. Qa6 Nd4 21. Qxa4 Qc7
22. Rad1 Nd5 23. Rd2 Nc3 24. Qa5 Qxa5 25. Nxa5 Rb2 26. Nec4 Rxc2 27. Rxc2 Nxc2
28. Re5 Bxd3 29. Rxc5 Ne2+ 30. Kh1 Rb8 31. h4 Ned4 32. Ne5 Bf5 33. g4 Bh7 34.
Nac6 Nxc6 35. Nxc6 Rb1+ 36. Kh2 Ne1 37. Ne5 Kf8 38. Rc7 Nxg2 39. Rxf7+ Ke8 40.
Rxg7 Be4 41. f3 Ne1 42. fxe4 Rb5 43. Ng6 Rb2+ 44. Kg3 Rb3+ 45. Kf2 Nd3+ 46. Ke2
Rxa3 47. Rh7 Nc5 48. e5 Ne4 49. Rxh6 Ng3+ 50. Kf2 Ne4+ 51. Ke2 Ng3+ 52. Ke1 Ne4
53. Rh7 Re3+ 54. Kd1 1-0

[Event "Titled Tue 17th Jun Late"]
[Site "chess.com INT"]
[Date "2025.06.17"]
[Round "11"]
[White "Silva Lucena, Cristian"]
[Black "Buchenau, Frank"]
[Result "0-1"]
[WhiteTitle "FM"]
[BlackTitle "FM"]
[WhiteElo "2243"]
[BlackElo "2205"]
[WhiteFideId "2232588"]
[BlackFideId "4604350"]
[EventDate "2025.06.17"]

1. c4 e5 2. Nc3 Nf6 3. g3 Bb4 4. Bg2 O-O 5. Nd5 Nxd5 6. cxd5 c6 7. h4 d6 8. h5
h6 9. Qb3 Bc5 10. d3 cxd5 11. Bxd5 Nc6 12. Nf3 Bb4+ 13. Kf1 Bc5 14. Rh4 Ne7 15.
a3 Nxd5 16. Qxd5 Qe7 17. Qb3 Be6 18. Qd1 Bb6 19. a4 f5 20. a5 Bc7 21. Be3 d5 22.
d4 e4 23. Ne5 Bxe5 24. dxe5 Qc7 25. Qd4 Qc4 26. Qxc4 dxc4 27. Rd1 Rfd8 28. Rd6
Kf7 29. Kg2 a6 30. Rh1 Rxd6 31. exd6 Rc8 32. Rd1 Bd7 33. Rd5 Ke6 34. Rd4 c3 35.
bxc3 Rxc3 36. Bf4 Ra3 37. e3 Rxa5 38. g4 Rd5 39. gxf5+ Rxf5 40. Rxe4+ Kd5 41.
Re7 Kc6 42. Rxg7 Rxh5 43. Kf3 a5 44. Rg8 a4 45. Ra8 b5 46. Ra6+ Kc5 47. e4 b4
48. Be3+ Kc4 49. Ra7 Bb5 50. Rc7+ Kd3 51. Rc5 Rxc5 52. Bxc5 b3 53. e5 b2 54. e6
b1=Q 55. d7 Qd1+ 56. Kf4 Bxd7 57. exd7 Kc4 58. Be7 Qxd7 59. Bf6 Qd5 0-1

[Event "Titled Tue 17th Jun Late"]
[Site "chess.com INT"]
[Date "2025.06.17"]
[Round "11"]
[White "Rosen, Eric"]
[Black "Khenkin, Igor"]
[Result "0-1"]
[WhiteTitle "IM"]
[BlackTitle "GM"]
[WhiteElo "2377"]
[BlackElo "2499"]
[WhiteFideId "2032562"]
[BlackFideId "4659600"]
[EventDate "2025.06.17"]

1. d4 d5 2. Bf4 c5 3. Nc3 Nc6 4. e4 cxd4 5. exd5 dxc3 6. dxc6 Qxd1+ 7. Rxd1 bxc6
8. Bc7 Bb7 9. h4 Nf6 10. Rh3 Nd5 11. Rxd5 Rc8 12. Ra5 Rxc7 13. Rxa7 e5 14. Rxc3
Bb4 15. Ba6 Kd7 16. Rxb7 Rxb7 17. Bxb7 Bxc3+ 18. bxc3 Rb8 19. Bxc6+ Kxc6 20. Nf3
f6 21. Kd2 Ra8 22. h5 Rxa2 23. Nh4 Kc5 24. Nf5 Ra7 25. Kd3 Rd7+ 26. Ke3 Kc4 27.
h6 g6 28. Ng3 f5 29. Ne2 Rd1 30. g4 Rh1 31. gxf5 gxf5 32. Kd2 Rxh6 33. Ng3 Rh2
34. Ke2 f4 35. Ne4 h5 36. Kf3 Rh1 37. Nf6 Kc5 38. Nd7+ Kd6 39. Nf6 Ke6 40. Ne4
Kf5 41. Nd6+ Ke6 42. Ne4 Rc1 43. c4 Rxc2 44. c5 Kd5 45. Nf6+ Kd4 46. Nxh5 Rxc5
47. Nf6 Rc3+ 48. Kg4 Kd3 49. Kf5 Ke2 50. Kxe5 f3 51. Kf4 Rc4+ 52. Kg3 Rc6 53.
Nd5 Rg6+ 54. Kf4 Kxf2 55. Kf5 Rg8 56. Ne7 Rf8+ 57. Ke4 Ke2 58. Ng6 Rf6 59. Nh4
f2 60. Nf5 Rxf5 61. Kxf5 f1=Q+ 62. Ke4 Qf3+ 63. Kd4 Qd3+ 64. Kc5 Ke3 65. Kb6 Qc4
66. Ka5 Qb3 0-1

[Event "Titled Tue 17th Jun Late"]
[Site "chess.com INT"]
[Date "2025.06.17"]
[Round "11"]
[White "Gomez Gonzales, Fabiana"]
[Black "Ngo, Quang Thai"]
[Result "1/2-1/2"]
[WhiteTitle "WCM"]
[BlackTitle "FM"]
[WhiteElo "1796"]
[BlackElo "2326"]
[WhiteFideId "3860191"]
[BlackFideId "12403768"]
[EventDate "2025.06.17"]

1. e4 c5 2. Nf3 e6 3. d4 cxd4 4. Nxd4 Nc6 5. Be3 Nf6 6. Nc3 Bb4 7. f3 d5 8. Bb5
Bd7 9. O-O e5 10. Nxd5 Nxd5 11. exd5 Nxd4 12. Bxd7+ Qxd7 13. Bxd4 exd4 14. Qxd4
Be7 15. Qxg7 O-O-O 16. Rfe1 Bc5+ 17. Kh1 Qxd5 18. Qg4+ Kb8 19. Qf4+ Bd6 20. Qh4
Rhe8 21. Rad1 Rxe1+ 22. Rxe1 Rc8 23. Qxh7 Qd2 24. Rg1 Qxc2 25. Qxf7 Rh8 26. f4
Qxb2 27. Rd1 Bc7 28. h3 Qe2 29. Rg1 a6 30. Rc1 Bb6 31. Rb1 Ka7 32. Rxb6 Kxb6 33.
Qf6+ Kb5 34. Qxh8 Qf1+ 35. Kh2 Qxf4+ 36. Kg1 Qc1+ 37. Kf2 Qf4+ 38. Ke2 Qe4+ 39.
Kf2 Qf4+ 40. Ke2 Qe4+ 41. Kf1 Qb1+ 42. Kf2 Qxa2+ 43. Kg3 Qb3+ 44. Kg4 Qc4+ 45.
Kf3 Qd5+ 46. Ke3 Qe6+ 47. Kf2 Qf5+ 48. Kg1 Qb1+ 49. Kh2 Qf5 50. Qh4 a5 51. Qe1
a4 52. Kh1 a3 53. Qc1 Ka4 54. Qc4+ Ka5 55. Qc3+ Ka4 56. Qc4+ Ka5 57. Qc3+ Ka4
58. Qc4+ 1/2-1/2

[Event "Titled Tue 17th Jun Late"]
[Site "chess.com INT"]
[Date "2025.06.17"]
[Round "11"]
[White "Demaria, Juan Pablo"]
[Black "Reprintsev, Alexander"]
[Result "1/2-1/2"]
[WhiteTitle "FM"]
[BlackTitle "IM"]
[WhiteElo "2215"]
[BlackElo "2256"]
[WhiteFideId "104922"]
[BlackFideId "14100541"]
[EventDate "2025.06.17"]

1. e4 e5 2. Nf3 Nc6 3. Bb5 a6 4. Ba4 Bc5 5. O-O Nge7 6. c3 Ba7 7. d4 Ng6 8. Bg5
f6 9. Be3 O-O 10. d5 Nce7 11. Bxa7 Rxa7 12. d6 cxd6 13. Qxd6 b5 14. Bb3+ Kh8 15.
a4 Rb7 16. axb5 Rxb5 17. Nbd2 Bb7 18. Rfe1 Rb6 19. Qd3 d6 20. Qc2 d5 21. Rad1
Qa8 22. exd5 Bxd5 23. Bxd5 Nxd5 24. Nc4 Rb5 25. Nd6 Rb6 26. Nc4 Rbb8 27. Qe4
Rfd8 28. h4 Nge7 29. h5 Nf4 30. Qxa8 Rxa8 31. Nd6 Kg8 32. h6 gxh6 33. c4 Kg7 34.
c5 Nc6 35. Nh4 Nd4 36. g3 Ng6 37. Nhf5+ Nxf5 38. Nxf5+ Kf7 39. b4 h5 40. Ra1 Ke6
41. Ng7+ Kd5 42. Red1+ Kc4 43. Rxd8 Rxd8 44. Rxa6 Kxb4 45. Nxh5 f5 46. Rf6 f4
47. gxf4 Kxc5 48. f5 Nh4 49. Rf7 h6 50. Nf6 Rd1+ 51. Kh2 Nxf5 52. Nd7+ Kd6 53.
Rxf5 Kxd7 54. Rxe5 Rd6 55. Rh5 Rf6 56. Kg3 Ke7 57. f4 Kf7 58. f5 Kg7 59. Kf4 Ra6
60. Rh1 Ra4+ 61. Ke5 Ra5+ 62. Ke6 Ra6+ 63. Ke5 Ra5+ 64. Ke6 Ra6+ 65. Ke5 Ra5+ 1/2-1/2

[Event "Titled Tue 17th Jun Late"]
[Site "chess.com INT"]
[Date "2025.06.17"]
[Round "11"]
[White "Demchenko, Anton"]
[Black "Nurgaliyeva, Zarina"]
[Result "1-0"]
[WhiteTitle "GM"]
[BlackTitle "WFM"]
[WhiteElo "2619"]
[BlackElo "2252"]
[WhiteFideId "4160258"]
[BlackFideId "13730096"]
[EventDate "2025.06.17"]

1. e4 e5 2. Nf3 Nc6 3. Bc4 Nf6 4. d3 Bc5 5. Bg5 h6 6. Bh4 Be7 7. Bg3 d6 8. a4 a5
9. c3 O-O 10. Nbd2 Be6 11. Bxe6 fxe6 12. O-O Nh7 13. Qb3 Qd7 14. d4 exd4 15.
Nxd4 Nxd4 16. cxd4 Rab8 17. Rac1 Bg5 18. f4 Bf6 19. Nf3 b5 20. axb5 Rxb5 21. Qa2
Kh8 22. Rc2 c5 23. dxc5 dxc5 24. e5 Be7 25. Qa4 Rfb8 26. h3 Qa7 27. Rff2 Nf8 28.
Kh2 Rb4 29. Qa2 Qb6 30. Nd2 Rxb2 31. Rxb2 Qxb2 32. Qxa5 Qb4 33. Qa6 Qb5 34. Qxb5
Rxb5 35. Nc4 Rb4 36. Rc2 Nd7 37. Bf2 Nb6 38. Nxb6 Rxb6 39. g3 Kh7 40. Kg2 Kg6
41. Kf3 Rb3+ 42. Be3 h5 43. g4 hxg4+ 44. hxg4 Rb7 45. Rc3 Rc7 46. Ke4 Kf7 47. f5
Bf8 48. Rc4 Be7 49. Ra4 c4 50. Ra6 exf5+ 51. gxf5 c3 52. e6+ Kf6 53. Bd4+ Kg5
54. Ra1 c2 55. Rg1+ Kh5 56. Be3 Bc5 57. Rg5+ Kh4 58. Bc1 Be7 59. Rxg7 Ra7 60. f6
Ra4+ 61. Kf5 Ra5+ 62. Kg6 Bxf6 63. Kxf6 Ra1 64. Rg1 Ra6 65. Kf7 Ra7+ 66. e7 Rb7
67. Kf8 1-0

[Event "Titled Tue 17th Jun Late"]
[Site "chess.com INT"]
[Date "2025.06.17"]
[Round "11"]
[White "Kobo, Ori"]
[Black "Fiorito, Joaquin"]
[Result "1/2-1/2"]
[WhiteTitle "GM"]
[BlackTitle "IM"]
[WhiteElo "2493"]
[BlackElo "2419"]
[WhiteFideId "2812320"]
[BlackFideId "180173"]
[EventDate "2025.06.17"]

1. c4 Nf6 2. Nc3 c5 3. Nf3 b6 4. g3 Bb7 5. Bg2 e6 6. O-O Be7 7. Re1 O-O 8. e4 d6
9. d4 cxd4 10. Nxd4 a6 11. e5 dxe5 12. Bxb7 Ra7 13. Nc6 Qxd1 14. Nxe7+ Kh8 15.
Rxd1 Rxb7 16. Be3 Ng4 17. Bg5 h6 18. h3 Nxf2 19. Kxf2 hxg5 20. Ng6+ fxg6+ 21.
Ke2 Rc7 22. Rd6 Nc6 23. Rf1 Nd4+ 24. Ke1 Rxf1+ 25. Kxf1 Rxc4 26. Ne4 Nf3 27. Nc3
b5 28. Rxe6 b4 29. Nd5 g4 30. hxg4 a5 31. Kf2 e4 32. Nf4 Kh7 33. Nxg6 Nd4 34.
Nf8+ Kg8 35. Re8 Kf7 36. Ra8 Nc6 37. Nd7 Ke7 38. Nb6 Rc2+ 39. Ke3 Rxb2 40. Rc8
Ne5 41. Kxe4 Re2+ 42. Kf5 Nd3 43. Rc7+ Kd8 44. Rd7+ Ke8 45. Rxg7 Rxa2 46. g5
Rf2+ 47. Ke4 Nc5+ 48. Kd5 Rf5+ 49. Kc6 Ne6 50. Ra7 Nd4+ 51. Kb7 Rf7+ 52. Ka6
Rxa7+ 53. Kxa7 b3 54. Na4 Nb5+ 55. Ka6 Nd6 56. Kxa5 Nc4+ 57. Kb4 b2 58. Nxb2
Nxb2 59. Kb3 Nd3 60. Kc2 Ne5 61. g6 Nxg6 62. g4 Kf7 63. g5 Ke6 64. Kd2 Kf5 65.
Ke2 Kxg5 1/2-1/2

[Event "Titled Tue 17th Jun Late"]
[Site "chess.com INT"]
[Date "2025.06.17"]
[Round "11"]
[White "Borges, Wagner da Silva"]
[Black "Mei, Austin"]
[Result "0-1"]
[WhiteTitle "CM"]
[BlackTitle "FM"]
[WhiteElo "2062"]
[BlackElo "2280"]
[WhiteFideId "2100401"]
[BlackFideId "30948479"]
[EventDate "2025.06.17"]

1. e4 Nc6 2. Nf3 e5 3. Bb5 a6 4. Bxc6 dxc6 5. d4 exd4 6. Qxd4 Qxd4 7. Nxd4 c5 8.
Ne2 Bd7 9. Nbc3 O-O-O 10. Bg5 f6 11. Be3 Ne7 12. O-O-O Nc6 13. h3 b6 14. Nd5 Bd6
15. f3 Kb7 16. Rd2 Ne5 17. b3 a5 18. Rhd1 a4 19. Kb2 axb3 20. axb3 Bb5 21. Nec3
Bc6 22. Nf4 Rhe8 23. Nd3 Ng6 24. Ne2 Ra8 25. Ndf4 Ne5 26. Nd3 c4 27. Nxe5 Bxe5+
28. Bd4 cxb3 29. cxb3 Bd6 30. Nc3 Ba3+ 31. Kc2 Ra5 32. Be3 Bb4 33. Rd8 Ra8 34.
Rxe8 Rxe8 35. Nd5 Bf8 36. Bf4 Ra8 37. Nxc7 Ra2+ 38. Kc3 Rxg2 39. Ne6 Be7 40.
Nd8+ Bxd8 41. Rxd8 Rf2 42. Rb8+ Ka7 43. Rc8 Rxf3+ 44. Kb4 Rxf4 45. Rxc6 Rxe4+
46. Kb5 Re5+ 47. Kc4 Kb7 48. Rd6 Kc7 49. Rd2 f5 50. Rg2 g6 51. h4 Re4+ 52. Kb5
Rxh4 53. Re2 Re4 54. Rh2 h5 55. Rc2+ Kb7 56. Rd2 Re5+ 57. Kc4 Kc6 58. b4 b5+ 59.
Kb3 f4 60. Rd8 Re3+ 61. Kc2 Rg3 62. Rf8 g5 63. Rf6+ Kd5 64. Rf5+ Kc4 0-1

[Event "Titled Tue 17th Jun Late"]
[Site "chess.com INT"]
[Date "2025.06.17"]
[Round "11"]
[White "Bogaudinov, Rushan"]
[Black "Guerrero Cataldo, Juan Andres"]
[Result "1/2-1/2"]
[WhiteTitle "FM"]
[BlackTitle "CM"]
[WhiteElo "1912"]
[BlackElo "2082"]
[WhiteFideId "4129288"]
[BlackFideId "3421260"]
[EventDate "2025.06.17"]

1. e4 c5 2. Nf3 Nc6 3. Bb5 g6 4. O-O Bg7 5. c3 e5 6. d4 cxd4 7. cxd4 exd4 8. Bf4
Nge7 9. Nbd2 O-O 10. Bd6 a6 11. Ba4 b5 12. Bb3 Bb7 13. e5 h6 14. Re1 Re8 15. Ne4
Nc8 16. Nc5 Na5 17. Qxd4 Bxf3 18. gxf3 Nc6 19. Qg4 Nxe5 20. Bxe5 Rxe5 21. Rxe5
Bxe5 22. Qxg6+ Bg7 23. Qxf7+ Kh8 24. Re1 Nd6 25. Qd5 Qg5+ 26. Qxg5 hxg5 27. Rd1
Nf5 28. Ne4 Bxb2 29. Rxd7 Nh4 30. Nxg5 Bg7 31. Bd5 Re8 32. Kf1 a5 33. Ra7 a4 34.
Bc6 Rb8 35. Nf7+ Kh7 36. Be4+ Kg8 37. Ng5 Kh8 38. f4 Rf8 39. Ne6 Re8 40. Rxg7
Rxe6 41. Rh7+ Kg8 42. Bd5 Kxh7 43. Bxe6 b4 44. Ke2 Kg7 45. Kd3 Kf6 46. f5 Nf3
47. h3 Ng5 48. h4 Nf3 49. Kc4 b3 50. axb3 axb3 51. Kxb3 Nxh4 52. Kc3 Nf3 53. Kd3
Ne5+ 54. Ke4 Ng4 55. f3 Nf2+ 56. Kf4 Nd3+ 57. Ke3 Ne5 58. f4 Nc6 59. Bc8 Ne7 1/2-1/2

[Event "Titled Tue 17th Jun Late"]
[Site "chess.com INT"]
[Date "2025.06.17"]
[Round "11"]
[White "Nguyen, Ngoc Truong Son"]
[Black "Deac, Bogdan-Daniel"]
[Result "0-1"]
[WhiteTitle "GM"]
[BlackTitle "GM"]
[WhiteElo "2600"]
[BlackElo "2674"]
[WhiteFideId "12401110"]
[BlackFideId "1226380"]
[EventDate "2025.06.17"]

1. e4 e6 2. d4 d5 3. e5 c5 4. c3 Nc6 5. Nf3 Bd7 6. c4 dxc4 7. Bxc4 cxd4 8. O-O
Nge7 9. Nbd2 Ng6 10. Re1 Qc7 11. Qe2 Rc8 12. a3 Bc5 13. b4 Bb6 14. g3 d3 15. Qe4
Ncxe5 16. Nxe5 Qxe5 17. Qxe5 Nxe5 18. Rxe5 Bd4 19. Rb1 Bxe5 20. Bxd3 O-O 21. Nc4
Bc7 22. Be3 b6 23. Nd2 Rfd8 24. Be4 Bd6 25. Bd3 Bc6 26. Ba6 Rc7 27. Nc4 Be7 28.
Nxb6 Be4 29. Re1 Rc3 30. Nc8 Rcxc8 31. Bxc8 Rxc8 32. Bxa7 Bd5 33. b5 Bxa3 34.
Be3 Rb8 35. b6 Bd6 36. f4 Kf8 37. Ra1 Ra8 38. Rc1 Ke7 39. Kf2 Kd7 40. Bd4 Ra2+
41. Ke3 f6 42. Rb1 Ra3+ 43. Kd2 Bb7 44. Rc1 Be4 45. Ke2 Ra2+ 46. Ke3 Bd5 47. h4
Ra3+ 48. Kf2 Rf3+ 49. Ke2 Rxg3 50. Ra1 Bxf4 51. Ra7+ Kc6 52. Re7 Bd6 53. Re8 h5
54. Bf2 Rg4 55. Rc8+ Kb5 56. Rd8 Be5 57. Rd7 Rb4 58. b7 Rb2+ 59. Kf1 Kc6 0-1

[Event "Titled Tue 17th Jun Late"]
[Site "chess.com INT"]
[Date "2025.06.17"]
[Round "11"]
[White "Barp, Alberto"]
[Black "Norman, Kseniya"]
[Result "1-0"]
[WhiteTitle "IM"]
[BlackTitle "WFM"]
[WhiteElo "2414"]
[BlackElo "2069"]
[WhiteFideId "872555"]
[BlackFideId "13518780"]
[EventDate "2025.06.17"]

1. d4 Nf6 2. Nf3 g6 3. Nc3 Bg7 4. e4 O-O 5. e5 Ne8 6. h4 d6 7. Bf4 dxe5 8. Nxe5
Nd7 9. Bc4 Nxe5 10. dxe5 Bf5 11. h5 c6 12. h6 Bh8 13. O-O Nc7 14. Qe2 Ne6 15.
Bxe6 Bxe6 16. Rad1 Qb6 17. b3 Qb4 18. Qe3 Bf5 19. Rd4 Qc5 20. Re1 f6 21. exf6
Bxf6 22. Be5 Bxe5 23. Qxe5 Qxe5 24. Rxe5 Rf7 25. Ne4 Bxe4 26. Rexe4 Raf8 27. f3
a6 28. Rd7 e5 29. Rxf7 Kxf7 30. Rxe5 Rd8 31. Kf2 Kf6 32. Re2 Kg5 33. Ke1 Rd7 34.
Re5+ Kxh6 35. Ke2 Kg7 36. f4 Kf6 37. Rc5 Re7+ 38. Kf3 Re1 39. Rc4 Rf1+ 40. Ke2
Rg1 41. Kf2 Rc1 42. a4 Kf5 43. Kf3 Rf1+ 44. Kg3 h5 45. Rc5+ Ke4 46. a5 Rc1 47.
Rc4+ Ke3 48. Kh4 Rg1 49. g3 Kd2 50. Rb4 Kxc2 51. Rxb7 Rh1+ 52. Kg5 Rh3 53. Kxg6
Rxg3+ 54. Kxh5 Rf3 55. Kg4 Rf1 56. f5 Rg1+ 57. Kh5 Kc3 58. f6 Kd4 59. f7 Rf1 60.
Kg6 Ke5 61. Kg7 Rg1+ 62. Kf8 Kf6 63. Rb6 Rc1 64. Rxa6 1-0

[Event "Titled Tue 17th Jun Late"]
[Site "chess.com INT"]
[Date "2025.06.17"]
[Round "11"]
[White "Nihal, Sarin"]
[Black "Bluebaum, Matthias"]
[Result "1-0"]
[WhiteTitle "GM"]
[BlackTitle "GM"]
[WhiteElo "2696"]
[BlackElo "2663"]
[WhiteFideId "25092340"]
[BlackFideId "24651516"]
[EventDate "2025.06.17"]

1. g3 d5 2. c4 e6 3. cxd5 exd5 4. Bg2 Nf6 5. Nf3 Bd6 6. O-O O-O 7. d3 Nc6 8. Nc3
h6 9. Nb5 Bc5 10. Bf4 Bb6 11. Rc1 a6 12. Nc3 Re8 13. d4 Bg4 14. e3 g5 15. Be5
Nxe5 16. dxe5 Rxe5 17. Qb3 Bxf3 18. Bxf3 Rb8 19. Na4 Ba7 20. Qc3 d4 21. exd4
Bxd4 22. Qxc7 Qxc7 23. Rxc7 b5 24. Nc3 Rbe8 25. Kg2 b4 26. Na4 g4 27. Bb7 R8e6
28. Rd1 Rd6 29. Rc4 Re7 30. Bc8 Re4 31. Bf5 Re5 32. Bxg4 Nxg4 33. Rdxd4 Rxd4 34.
Rxd4 h5 35. h3 Nf6 36. Rxb4 Re2 37. Nc3 Rc2 38. Rb7 h4 39. Kf3 hxg3 40. fxg3 Nh7
41. h4 Nf8 42. Ne4 Ne6 43. Nd6 Rd2 44. Nxf7 Nc5 45. Nh6+ Kf8 46. Rb8+ Ke7 47.
Nf5+ Kf6 48. Ne3 Nd7 49. Rb3 Rd6 50. Nc4 Rc6 51. Ne3 a5 52. Rb5 a4 53. Rf5+ Ke6
54. Ra5 Nb6 55. Ra6 Kd7 56. g4 Kc7 57. g5 Rc1 58. g6 Rg1 59. Rxb6 Kxb6 60. Ng4
Rf1+ 61. Ke4 Rg1 62. Kf5 Rf1+ 63. Kg5 Rc1 64. g7 Rc5+ 65. Kg6 Rc6+ 66. Nf6 Rc1
67. g8=Q Rg1+ 68. Kf7 1-0

[Event "Titled Tue 17th Jun Late"]
[Site "chess.com INT"]
[Date "2025.06.17"]
[Round "11"]
[White "Baturin-Vinogradov, Miroslav"]
[Black "Brancaleoni, Maurizio"]
[Result "1-0"]
[WhiteTitle "CM"]
[BlackTitle "FM"]
[WhiteElo "2046"]
[BlackElo "2185"]
[WhiteFideId "55745741"]
[BlackFideId "803022"]
[EventDate "2025.06.17"]

1. e4 c6 2. Nf3 d5 3. exd5 cxd5 4. d4 Nc6 5. c4 Nf6 6. Nc3 Bg4 7. cxd5 Nxd5 8.
Bc4 e6 9. O-O Be7 10. h3 Bh5 11. Be3 O-O 12. Qe2 Rc8 13. Nxd5 exd5 14. Bd3 Bg6
15. Bxg6 hxg6 16. Ne5 Bf6 17. f4 Bxe5 18. dxe5 d4 19. Bf2 Qd5 20. Rfd1 Rfd8 21.
Rd2 Rd7 22. b3 d3 23. Qe3 Rcd8 24. Rad1 a6 25. Qc5 Qxc5 26. Bxc5 g5 27. g3 gxf4
28. gxf4 g6 29. Bb6 Re8 30. Rxd3 Rxd3 31. Rxd3 Re7 32. Kf2 Kg7 33. Bc5 Rc7 34.
Bd6 Rc8 35. Ke3 Rh8 36. Ke4 Rh4 37. Rf3 g5 38. Rg3 f6 39. exf6+ Kxf6 40. Rxg5
Rxh3 41. Rg2 Rh1 42. Be5+ Kf7 43. Rg7+ Kf8 44. Rxb7 Re1+ 45. Kf5 Ne7+ 46. Ke6
Nc6 47. Rd7 Nxe5 48. fxe5 Re2 49. a4 Re3 50. b4 Re4 51. Rb7 Re1 52. Rb6 Re4 53.
a5 Rc4 54. Kd5 Rh4 55. Kc5 Ke7 56. Rxa6 Re4 57. e6 Re5+ 58. Kc4 Re4+ 59. Kb3
Re3+ 60. Ka4 Re2 61. Rb6 Ra2+ 62. Kb5 Rh2 63. a6 Rh5+ 64. Ka4 Rh2 65. b5 Ra2+
66. Kb3 Ra1 67. Kc4 Rc1+ 68. Kd5 Rd1+ 69. Kc6 Rc1+ 70. Kb7 Rd1 71. a7 Rb1 72.
a8=Q 1-0